| 000 | 00662nam a2200217Ia 4500 | ||
|---|---|---|---|
| 003 | IN-BaIIA | ||
| 008 | 211028s9999 xx 000 0 eng d | ||
| 020 | _a0-12-092245-2 | ||
| 040 | _cIIA Library | ||
| 080 |
_a530.145 _bCAV |
||
| 245 | 0 |
_aCavity quantum electrodynamics _cedited by P. R. Berman |
|
| 260 |
_aBoston _bAcademic Press _c1994 |
||
| 300 | _axvi, 464p. | ||
| 490 | _aAdvances in atomic, molecular, and optical physics; Supplement 2 | ||
| 650 | _aCasimir effect | ||
| 650 |
_aQuantum electrodynamics _92630 |
||
| 650 |
_aQuantum electrodynamics _92630 |
||
| 650 |
_aQuantum optics _96294 |
||
| 700 |
_aBerman, P. R., ed. _925261 |
||
| 942 | _cBK | ||
| 999 |
_c14281 _d14281 |
||